000 00651nam a2200229 i 4500
001 bg
100 1 _aDUTKIEWICZ, Waldemar
245 0 _aPodstawy metodologii badaƄ do pracy magisterskiej i licencjackiej z pedagogiki /
_cWaldemar Dutkiewicz.
250 _aWyd. 5 popr.
260 _aKielce :
_bWydawnictwo Stachurski,
_c2001.
300 _a235 s. :
_bwykr. ;
_c21 cm.
504 _aIndeks.
650 9 _aPedagogika
_aprace dyplomowe
655 _aPoradniki
020 _a8391128547
040 _cBPK
041 0 _apol
080 _a378.22:37(083.1)
920 _a83-911285-4-7
942 _cKS
008 s pl f |000 0 pol
999 _c53495
_d53495
856 _uhttp://koha.tu.koszalin.pl/cgi-bin/koha/opac-detail.pl?biblionumber=53495
_yKatalog online BPK